header

Rethinking retention (Record no. 210273)

MARC details
000 -LEADER
fixed length control field 01279nam a2200313Ia 4500
082 04 - DEWEY DECIMAL CLASSIFICATION NUMBER
Classification number 658.3/14
100 1# - MAIN ENTRY--AUTHOR NAME
Personal name Finnegan, Richard P.
245 10 - TITLE STATEMENT
Title Rethinking retention
260 ## - PUBLICATION, DISTRIBUTION, ETC. (IMPRINT)
Place of publication Boston :
Name of publisher Davies-Black ;
Place of publication [Alexandria, Va.] :
Name of publisher Society for Human Resource Management,
Year of publication 2010.
300 ## - PHYSICAL DESCRIPTION
Number of Pages xi, 292 p.
650 #0 - SUBJECT ADDED ENTRY--TOPICAL TERM
Topical Term Employee retention.
Topical Term Personnel management.
Topical Term Labor turnover.
856 40 - ELECTRONIC LOCATION AND ACCESS
Uniform Resource Identifier http://site.ebrary.com/lib/rucke/Doc?id=10356693

No items available.

© 2026 Rongo University
Contact us: librarian | system librarian | Rongo university